000
00306nam a22001337a 4500
008
180125b xxu||||| |||| 00| 0 eng d
020
_a
9780190216030
041
_a
eng
080
_a
32
100
_a
19
101
_a
POL
245
_a
American government in black and white
_c
Clain,P.D
942
_2
udc
_c
BK
999
_c
40929
_d
40929